[Event "Girona Gerunda op"]
[Site "Girona"]
[Date "2022.05.06"]
[Round "3"]
[White "Nunez Colome, David"]
[Black "Gili Cufi, Victor"]
[Result "1-0"]
[WhiteElo "1993"]
[BlackElo "1625"]
[PlyCount "100"]
[EventDate "2022.04.22"]
[EventType "swiss"]
[EventRounds "8"]
[EventCountry "ESP"]
[SourceTitle "EXT 2023"]
[Source "ChessBase"]
[SourceDate "2022.10.05"]
[SourceVersion "1"]
[SourceVersionDate "2022.10.05"]
[SourceQuality "1"]

1. e4 c6 2. d4 d5 3. Nc3 dxe4 4. Nxe4 Bf5 5. Ng3 Bg6 6. h4 h6 7. Nf3 Nd7 8. h5 Bh7 9. Bd3 Bxd3 10. Qxd3 e6 11. Bd2 Ngf6 12. 0-0-0 Be7 13. Ne4 Nxe4 14. Qxe4 Nf6 15. Qe2 Qd5 16. c4 Qe4 17. Rde1 Qxe2 18. Rxe2 0-0 19. Ne5 Rfd8 20. Bc3 Bd6 21. f3 c5 22. dxc5 Bxc5 23. g4 Bd4 24. Bxd4 Rxd4 25. Rd1 Rad8 26. Red2 Rxd2 27. Rxd2 Rxd2 28. Kxd2 Kf8 29. Kd3 Ke7 30. Kd4 Nd7 31. b4 Nxe5 32. Kxe5 Kd7 33. c5 Kc6 34. f4 Kd7 35. g5 Ke7 36. b5 f6+ 37. gxf6+ gxf6+ 38. Kd4 Kd7 39. Kc4 Kc7 40. a3 Kd7 41. a4 Kc7 42. Kd4 a6 43. Kc4 Kd7 44. Kb4 Kc7 45. Ka5 e5 46. Kb4 f5 47. fxe5 Kd7 48. Kc4 f4 49. Kd3 Ke6 50. c6 Ke7 1-0

[Event "Girona Gerunda op"]
[Site "Girona"]
[Date "2022.04.22"]
[Round "1"]
[White "Nunez Colome, David"]
[Black "Voegeli, Max"]
[Result "1-0"]
[WhiteElo "1993"]
[BlackElo "1476"]
[PlyCount "43"]
[EventDate "2022.04.22"]
[EventType "swiss"]
[EventRounds "8"]
[EventCountry "ESP"]
[SourceTitle "EXT 2023"]
[Source "ChessBase"]
[SourceDate "2022.10.05"]
[SourceVersion "1"]
[SourceVersionDate "2022.10.05"]
[SourceQuality "1"]

1. e4 d6 2. d4 Nf6 3. Nc3 c6 4. f4 Qa5 5. e5 dxe5 6. fxe5 Ne4 7. Qf3 Nxc3 8. bxc3 Qd5 9. Ba3 Qxf3 10. Nxf3 Bf5 11. 0-0-0 Nd7 12. Be2 Nb6 13. c4 Be6 14. Nd2 g6 15. Kb2 Bh6 16. Kb3 Rd8 17. Ne4 Nd7 18. Kc3 b6 19. g4 a6 20. d5 cxd5 21. cxd5 Rc8+ 22. Kb2 1-0

[Event "Miquel Mas op 20th"]
[Site "Castell de Sant Ferran"]
[Date "2019.08.16"]
[Round "5"]
[White "Sole Pijuan, Ferran"]
[Black "Nunez Colome, David"]
[Result "1-0"]
[WhiteElo "2158"]
[BlackElo "1971"]
[PlyCount "61"]
[EventDate "2019.08.13"]
[EventType "swiss"]
[EventRounds "9"]
[EventCountry "ESP"]
[SourceTitle "EXT 2020"]
[Source "ChessBase"]
[SourceDate "2019.10.17"]
[SourceVersion "1"]
[SourceVersionDate "2019.10.17"]
[SourceQuality "1"]

1. d4 e6 2. c4 d5 3. Nc3 Nf6 4. cxd5 exd5 5. Bg5 Be7 6. e3 h6 7. Bh4 0-0 8. Bd3 b6 9. Nge2 Bb7 10. 0-0 Nbd7 11. Rc1 c5 12. dxc5 bxc5 13. Na4 Rc8 14. Bf5 g5 15. Bg3 Ba6 16. Re1 c4 17. h4 Bb7 18. hxg5 hxg5 19. Nd4 Qa5 20. Nc3 a6 21. Nf3 Rcd8 22. Ne5 Bc8 23. Nc6 Qc5 24. Nxd8 Rxd8 25. Qd4 Qc6 26. e4 Bc5 27. Qd2 d4 28. Qxg5+ Kf8 29. Nd5 Be7 30. Qh6+ Ke8 31. Nc7+ 1-0

[Event "Figueres op 8th"]
[Site "Figueres"]
[Date "2018.12.30"]
[Round "8.3"]
[White "Nunez Colome, David"]
[Black "Gomez, Jose4444"]
[Result "0-1"]
[WhiteElo "1993"]
[BlackElo "1936"]
[PlyCount "56"]
[EventDate "2018.12.27"]
[EventType "swiss"]
[EventRounds "8"]
[EventCountry "ESP"]
[SourceTitle "EXT 2024"]
[Source "ChessBase"]
[SourceDate "2023.10.10"]
[SourceVersion "1"]
[SourceVersionDate "2023.10.10"]
[SourceQuality "1"]

1. e4 d5 2. exd5 Nf6 3. Nf3 Bg4 4. Be2 Qxd5 5. Nc3 Qf5 6. h3 Bxf3 7. Bxf3 Nc6 8. Bxc6+ bxc6 9. d3 e6 10. 0-0 Bd6 11. Qe2 Rb8 12. Ne4 Kd7 13. Nxd6 cxd6 14. b3 Rhg8 15. Bb2 Nd5 16. Rad1 g5 17. c4 Nf4 18. Qe3 Qa5 19. Ra1 Rb7 20. d4 Qf5 21. g4 Qc2 22. Ba3 h5 23. Rfe1 hxg4 24. hxg4 Rh8 25. d5 cxd5 26. cxd5 Qh7 27. dxe6+ fxe6 28. Qe4 Qh2+ 0-1

[Event "Figueres op 8th"]
[Site "Figueres"]
[Date "2018.12.28"]
[Round "3.5"]
[White "Nunez Colome, David"]
[Black "Vinolas Anglada, Laura"]
[Result "1-0"]
[WhiteElo "1993"]
[BlackElo "1613"]
[PlyCount "121"]
[EventDate "2018.12.27"]
[EventType "swiss"]
[EventRounds "8"]
[EventCountry "ESP"]
[SourceTitle "EXT 2024"]
[Source "ChessBase"]
[SourceDate "2023.10.10"]
[SourceVersion "1"]
[SourceVersionDate "2023.10.10"]
[SourceQuality "1"]

1. e4 c6 2. d4 d5 3. Nc3 dxe4 4. Nxe4 Nd7 5. Nf3 Ngf6 6. Nxf6+ Nxf6 7. Bd3 Bg4 8. c3 e6 9. Qe2 Bd6 10. Bg5 h6 11. Bh4 g5 12. Bg3 Bxg3 13. fxg3 Qc7 14. Qe5 Qxe5+ 15. Nxe5 0-0 16. h3 Bf5 17. Bxf5 exf5 18. 0-0 Nh5 19. Kh2 f4 20. gxf4 Nxf4 21. g3 Nd5 22. c4 Nb6 23. c5 Nd5 24. Nc4 Rfe8 25. Rf2 Re7 26. Nd6 b6 27. Raf1 Ne3 28. Rc1 b5 29. Rf6 Kg7 30. Rf3 Kg8 31. b3 a5 32. Rc3 Nd5 33. Rc2 a4 34. Rcf2 Rf8 35. h4 axb3 36. axb3 Ne3 37. Kg1 Ng4 38. Rf1 Ne3 39. Re1 Nd5 40. Rxe7 Nxe7 41. hxg5 hxg5 42. Ne4 Nd5 43. Nxg5 Kg7 44. Kf2 Kg6 45. Ne4 f5 46. Nd6 Rf6 47. Ke2 Kg5 48. Kf2 Kg4 49. Kg2 Kg5 50. Ne8 Rf7 51. Nd6 Rf6 52. Rf2 Ne3+ 53. Kf3 Nd5 54. Re2 Kg6 55. Re5 Nb4 56. Ke3 Nd5+ 57. Kd3 Nb4+ 58. Kd2 Nd5 59. Nxb5 f4 60. gxf4 Nxf4 61. Nc3 1-0

[Event "Miquel Mas op 19th"]
[Site "Castell de Sant Ferran"]
[Date "2018.08.13"]
[Round "6"]
[White "Nunez Colome, David"]
[Black "Ruiz de Morales Cespedes, Jaume"]
[Result "1-0"]
[WhiteElo "1970"]
[BlackElo "1754"]
[PlyCount "59"]
[EventDate "2018.08.09"]
[EventType "swiss"]
[EventRounds "9"]
[EventCountry "ESP"]
[SourceTitle "CBM 186 Extra"]
[Source "ChessBase"]
[SourceDate "2018.08.24"]
[SourceVersion "1"]
[SourceVersionDate "2018.08.24"]
[SourceQuality "1"]

1. e4 e6 2. d4 d5 3. Nd2 dxe4 4. Nxe4 Nd7 5. Nf3 Ngf6 6. Nxf6+ Nxf6 7. Bd3 c5 8. dxc5 Bxc5 9. 0-0 h6 10. Qe2 0-0 11. a3 a5 12. b3 Bd7 13. Bb2 Bc6 14. Ne5 Bd4 15. Nxc6 bxc6 16. c3 Ba7 17. Rad1 Qe7 18. c4 Bc5 19. a4 Rfd8 20. Qf3 Ra7 21. Bc2 Rad7 22. Bc3 Bb6 23. Rxd7 Qxd7 24. Rd1 Qe7 25. Qxc6 Bxf2+ 26. Kxf2 Ng4+ 27. Ke2 Rxd1 28. Kxd1 Ne3+ 29. Kc1 g6 30. Qc8+ 1-0

[Event "Figueres Nadal op 7th"]
[Site "Figueres"]
[Date "2017.12.30"]
[Round "7"]
[White "Turon Crosa, Isaac"]
[Black "Nunez Colome, David"]
[Result "1-0"]
[WhiteElo "1679"]
[BlackElo "1905"]
[PlyCount "63"]
[EventDate "2017.12.27"]
[EventType "swiss"]
[EventRounds "8"]
[EventCountry "ESP"]
[SourceTitle "CBM 182 Extra"]
[Source "ChessBase"]
[SourceDate "2018.02.23"]
[SourceVersion "1"]
[SourceVersionDate "2018.02.23"]
[SourceQuality "1"]

1. d4 e6 2. e4 d5 3. Nd2 Nf6 4. e5 Nfd7 5. Bd3 c5 6. c3 Nc6 7. Ne2 cxd4 8. cxd4 f6 9. Nf4 Nxd4 10. Qh5+ Ke7 11. Ng6+ hxg6 12. exf6+ gxf6 13. Qxh8 g5 14. h4 Ne5 15. Qh7+ Kd6 16. hxg5 fxg5 17. b3 Qa5 18. Bb2 Nef3+ 19. gxf3 Nxf3+ 20. Kf1 Nxd2+ 21. Kg2 Qb4 22. Rh3 g4 23. Rh5 Nf3 24. a4 Qf4 25. Ba3+ Kc6 26. Rc1+ Kb6 27. b4 Bxb4 28. a5+ Kxa5 29. Bxb4+ Kxb4 30. Qe7+ Kb3 31. Rb1+ Kc3 32. Qa3+ 1-0

[Event "Figueres Nadal op 7th"]
[Site "Figueres"]
[Date "2017.12.28"]
[Round "4"]
[White "Nunez Colome, David"]
[Black "Parals Marce, Luis"]
[Result "1-0"]
[WhiteElo "1905"]
[BlackElo "2060"]
[PlyCount "161"]
[EventDate "2017.12.27"]
[EventType "swiss"]
[EventRounds "8"]
[EventCountry "ESP"]
[SourceTitle "CBM 182 Extra"]
[Source "ChessBase"]
[SourceDate "2018.02.23"]
[SourceVersion "1"]
[SourceVersionDate "2018.02.23"]
[SourceQuality "1"]

1. e4 g6 2. d4 Bg7 3. Nc3 d6 4. f4 a6 5. Nf3 Nd7 6. Be2 b5 7. a3 Bb7 8. 0-0 e6 9. e5 Ne7 10. Qe1 h5 11. Qf2 Nf5 12. Nd1 Nb6 13. c3 Nd5 14. Nd2 Bf8 15. Nb3 Rc8 16. Ne3 Ndxe3 17. Bxe3 Bd5 18. Nd2 dxe5 19. fxe5 Be7 20. Bf3 Qd7 21. Bxd5 Qxd5 22. Qf3 Qxf3 23. Rxf3 c5 24. Nb3 c4 25. Nd2 g5 26. Nf1 g4 27. Rf2 Kd7 28. Bd2 h4 29. Ne3 g3 30. hxg3 hxg3 31. Rf3 Nxe3 32. Bxe3 Rcg8 33. Rxf7 Rh5 34. Kf1 Ke8 35. Rf3 Rh1+ 36. Bg1 a5 37. Ke2 Rg4 38. Raf1 Kd7 39. Be3 Rh2 40. Rg1 Kc6 41. Bf4 Bh4 42. Bd2 Kd5 43. Be1 b4 44. axb4 axb4 45. Bd2 b3 46. Be1 Ke4 47. Re3+ Kd5 48. Rf3 Rg7 49. Re3 Rg8 50. Kf3 Rf8+ 51. Ke2 Rg8 52. Kf3 Rg5 53. Re4 Rg8 54. Rg4 Rf8+ 55. Ke2 Ra8 56. Bxg3 Bxg3 57. Rxg3 Ra2 58. Rb1 Rh4 59. Kf2 Ra8 60. Re3 Rf8+ 61. Kg1 Rg8 62. g3 Rgg4 63. Kg2 Rg8 64. Re2 Rg7 65. Rf1 Rgg4 66. Rf8 Rg6 67. Rc8 Rh5 68. Re3 Rgh6 69. g4 Rh4 70. Re2 Rh7 71. Rd8+ Kc6 72. Rd6+ Kc7 73. Rxe6 Rh8 74. g5 Kd7 75. Rf6 Ke7 76. Ref2 Rg8 77. g6 Rh5 78. Rf7+ Ke6 79. R2f6+ Kd5 80. Kf3 Rd8 81. g7 1-0

[Event "Benidorm New Generation U18 11th"]
[Site "Benidorm"]
[Date "2015.12.06"]
[Round "4.5"]
[White "Llados Clos, Jaume"]
[Black "Nunez Colome, David"]
[Result "1-0"]
[WhiteElo "1644"]
[BlackElo "1701"]
[PlyCount "67"]
[EventDate "2015.12.04"]
[EventType "swiss"]
[EventRounds "7"]
[EventCountry "ESP"]
[SourceTitle "EXT 2024"]
[Source "ChessBase"]
[SourceDate "2023.10.10"]
[SourceVersion "1"]
[SourceVersionDate "2023.10.10"]
[SourceQuality "1"]

1. e4 e6 2. d4 d5 3. Nd2 Nf6 4. e5 Nfd7 5. Bd3 c5 6. c3 Nc6 7. Ne2 cxd4 8. cxd4 f6 9. exf6 Nxf6 10. Nf3 Bd6 11. 0-0 Qc7 12. Nc3 a6 13. Re1 0-0 14. Bg5 g6 15. Qb1 Qg7 16. Qc1 Ng4 17. h3 Rxf3 18. gxf3 Nh2 19. Be2 Nxd4 20. Qd1 Nxe2+ 21. Qxe2 Qf8 22. Kg2 Qf5 23. f4 e5 24. Kxh2 Qxh3+ 25. Kg1 Bg4 26. Qf1 Qh5 27. Qg2 e4 28. Nxd5 Rf8 29. Qh2 Bh3 30. Re3 Bxf4 31. Bxf4 Qxd5 32. Rxh3 Qf7 33. Be3 Qg7 34. Rc1 1-0

[Event "Benidorm New Generation U18 11th"]
[Site "Benidorm"]
[Date "2015.12.04"]
[Round "1.2"]
[White "Nunez Colome, David"]
[Black "Fernandez Cano, Victor"]
[Result "0-1"]
[WhiteElo "1701"]
[BlackElo "2139"]
[PlyCount "160"]
[EventDate "2015.12.04"]
[EventType "swiss"]
[EventRounds "7"]
[EventCountry "ESP"]
[SourceTitle "EXT 2024"]
[Source "ChessBase"]
[SourceDate "2023.10.10"]
[SourceVersion "1"]
[SourceVersionDate "2023.10.10"]
[SourceQuality "1"]

1. e4 c5 2. Nf3 d6 3. d4 cxd4 4. Nxd4 Nf6 5. Nc3 a6 6. Be2 e6 7. Be3 Be7 8. a4 b6 9. f4 Bb7 10. Bf3 Qc7 11. 0-0 Nbd7 12. Nb3 0-0 13. Qe1 Rac8 14. Qf2 Nc5 15. Nxc5 bxc5 16. Rad1 Rfd8 17. e5 Ne8 18. Bxb7 Qxb7 19. f5 dxe5 20. fxe6 f6 21. Rxd8 Bxd8 22. Qd2 Be7 23. Qd7 Nd6 24. Qxb7 Nxb7 25. Rd1 Rd8 26. Rxd8+ Bxd8 27. Nd5 Kf8 28. Kf1 Be7 29. Ke2 Bd6 30. Kd3 Ke8 31. c3 Nd8 32. e7 Nc6 33. Ke4 Kf7 34. g4 Na5 35. g5 Nc4 36. gxf6 gxf6 37. Nxf6 Bxe7 38. Nd5 Bd6 39. Bc1 Ke6 40. Ne3 Na5 41. Nf5 Bf8 42. Be3 Nc4 43. Bc1 Na5 44. Be3 Nc4 45. Bc1 Nb6 46. Ne3 Bh6 47. b3 Bf4 48. h3 c4 49. bxc4 Nxa4 50. Bd2 Nc5+ 51. Kf3 Nb3 52. Be1 Bxe3 53. Kxe3 Kd6 54. Bg3 a5 55. Ke4 Nc5+ 56. Kf5 Nd7 57. c5+ Kxc5 58. Ke6 Kc6 59. c4 a4 60. Be1 a3 61. Bc3 a2 62. Kf5 Kc5 63. Ke4 Kxc4 64. Ba1 Kb3 65. Kd3 Nc5+ 66. Kd2 e4 67. h4 Nb7 68. Ke3 Nd6 69. Kd2 Nc4+ 70. Kc1 Ne3 71. Kd2 Nc2 72. Bg7 Na3 73. Kc1 e3 74. Kd1 Nc4 75. Ba1 Nb2+ 76. Kc1 e2 77. Kd2 e1Q+ 78. Kxe1 Kc2 79. h5 Kb1 80. Kd2 Kxa1 0-1

[Event "Figueres op-B 16th"]
[Site "Figueres"]
[Date "2015.08.12"]
[Round "2"]
[White "Vidal Palou, Jordi"]
[Black "Nunez Colome, David"]
[Result "0-1"]
[WhiteElo "1680"]
[BlackElo "1701"]
[PlyCount "86"]
[EventDate "2015.08.11"]
[EventType "swiss"]
[EventRounds "7"]
[EventCountry "ESP"]
[SourceTitle "EXT 2016"]
[Source "ChessBase"]
[SourceDate "2015.10.08"]
[SourceVersion "1"]
[SourceVersionDate "2015.10.08"]
[SourceQuality "1"]

1. d4 e6 2. e4 d5 3. e5 c5 4. c3 Nc6 5. Nf3 Qb6 6. b3 cxd4 7. cxd4 Bb4+ 8. Bd2 Nxd4 9. Nxd4 Qxd4 10. Bb5+ Bd7 11. Bxd7+ Kxd7 12. Bxb4 Qxa1 13. 0-0 Qxe5 14. Bc3 Qg5 15. Qd4 Ne7 16. Qb4 Rhb8 17. f4 Qg6 18. Be5 Nc6 19. Qd6+ Ke8 20. Bb2 Rd8 21. Qc5 f5 22. Re1 Kf7 23. Qb5 Rd7 24. Nd2 Rad8 25. Nf3 d4 26. Ng5+ Kg8 27. Rxe6 Qh5 28. Qc4 Kh8 29. Re1 Re8 30. Rf1 h6 31. Nf3 Qf7 32. Qb5 Qd5 33. Qd3 Re3 34. Qd1 Qe4 35. Nh4 Re2 36. Bc1 Qc2 37. Qxc2 Rxc2 38. Nxf5 Rxa2 39. Re1 d3 40. Nh4 Re2 41. Rd1 d2 42. Bxd2 Rexd2 43. Ng6+ Kg8 0-1

[Event "Llinars del Valles op-A 9th"]
[Site "Llinars del Valles"]
[Date "2015.04.11"]
[Round "1"]
[White "Nunez Colome, David"]
[Black "Arnijas Fabregas, Marc"]
[Result "1-0"]
[WhiteElo "1588"]
[BlackElo "1936"]
[PlyCount "109"]
[EventDate "2015.04.11"]
[EventType "swiss"]
[EventRounds "9"]
[EventCountry "ESP"]
[SourceTitle "EXT 2016"]
[Source "ChessBase"]
[SourceDate "2015.10.08"]
[SourceVersion "1"]
[SourceVersionDate "2015.10.08"]
[SourceQuality "1"]

1. e4 e6 2. d4 f5 3. exf5 exf5 4. Nf3 Nf6 5. Bd3 d5 6. 0-0 Be7 7. Ne5 0-0 8. Nd2 Nc6 9. Ndf3 Ne4 10. c4 Be6 11. Nxc6 bxc6 12. c5 Bf6 13. Qa4 Bd7 14. Bf4 g5 15. Be5 g4 16. Bxf6 Qxf6 17. Bxe4 fxe4 18. Ne5 Qe6 19. Qa5 Rfc8 20. Rac1 Rab8 21. Qxa7 Rxb2 22. Rb1 Rd2 23. Rbd1 Rxd1 24. Rxd1 Be8 25. Rb1 h5 26. Qb7 Kg7 27. a4 Bg6 28. Ra1 e3 29. fxe3 h4 30. Qxc6 Qxc6 31. Nxc6 Be4 32. a5 h3 33. g3 Ra8 34. a6 Bd3 35. a7 Bb5 36. Ne5 Be2 37. Kf2 Bb5 38. Nxg4 Kg6 39. Ne5+ Kf5 40. g4+ Ke4 41. c6 Rf8+ 42. Kg3 Ra8 43. Ra3 Bf1 44. Kh4 Bg2 45. Kg5 Bf3 46. Kf6 Be2 47. Ke7 Bd3 48. Kd7 Kxe3 49. Rxd3+ Ke4 50. Ra3 Kxd4 51. Nf3+ Ke4 52. Kxc7 Rxa7+ 53. Rxa7 Kxf3 54. Ra3+ Kg2 55. Ra2+ 1-0

[Event "Girona op 5th"]
[Site "Girona"]
[Date "2014.07.22"]
[Round "8"]
[White "Volkov, Vladimir"]
[Black "Nunez Colome, David"]
[Result "1-0"]
[WhiteElo "1996"]
[BlackElo "1929"]
[PlyCount "151"]
[EventDate "2014.07.15"]
[EventType "swiss"]
[EventRounds "9"]
[EventCountry "ESP"]
[SourceTitle "EXT 2016"]
[Source "ChessBase"]
[SourceDate "2015.10.08"]
[SourceVersion "1"]
[SourceVersionDate "2015.10.08"]
[SourceQuality "1"]

1. Nf3 d5 2. g3 Nf6 3. Bg2 e6 4. c4 Be7 5. b3 0-0 6. Bb2 b6 7. Nc3 Bb7 8. 0-0 Nbd7 9. Rc1 c5 10. cxd5 exd5 11. d4 Re8 12. e3 Nf8 13. Na4 cxd4 14. Nxd4 Rc8 15. Qd3 Ne6 16. Rxc8 Qxc8 17. Rc1 Qd7 18. Nf5 Rd8 19. Nxe7+ Qxe7 20. Qf5 Ne8 21. Rd1 N6c7 22. Nc3 Qe6 23. Qg5 Qf6 24. Qg4 Qg6 25. Qe2 h6 26. Qd2 Nf6 27. Ne2 Ne4 28. Qb4 Nc5 29. Nf4 Qc2 30. Qd4 N5e6 31. Nxe6 Nxe6 32. Qd2 Qxd2 33. Rxd2 Kf8 34. h4 Ke7 35. Bh3 f6 36. Bf1 Rc8 37. Bg2 Rd8 38. Ba3+ Ke8 39. Bh3 Nc5 40. Rc2 Na6 41. Bf1 Rc8 42. Rd2 Rd8 43. Bb5+ Kf7 44. e4 d4 45. Bb2 Nc7 46. Bc4+ Ke7 47. f3 b5 48. Bf1 a6 49. Bh3 d3 50. Bf1 Ne6 51. Rxd3 Rc8 52. Rd2 Nf8 53. Bh3 Rc7 54. Ba3+ Ke8 55. Bxf8 Kxf8 56. Rd7 Rxd7 57. Bxd7 Ke7 58. Bh3 Kd6 59. Kf2 Kc5 60. a3 Kd4 61. Ke2 Kc3 62. Be6 Kb2 63. a4 bxa4 64. bxa4 Bc6 65. Bc4 a5 66. Bb5 Bxb5+ 67. axb5 a4 68. b6 a3 69. b7 a2 70. b8Q+ Kc3 71. Qc7+ Kb2 72. Qb6+ Kc1 73. Qc5+ Kb2 74. Qb4+ Kc1 75. Qa3+ Kb1 76. Qb3+ 1-0

[Event "Llinars del Valles op-B 8th"]
[Site "Llinars del Valles"]
[Date "2014.06.14"]
[Round "7"]
[White "Nunez Colome, David"]
[Black "Lobo Bruguera, Xavier"]
[Result "1-0"]
[WhiteElo "1909"]
[BlackElo "1716"]
[PlyCount "87"]
[EventDate "2014.04.26"]
[EventType "swiss"]
[EventRounds "8"]
[EventCountry "ESP"]
[SourceTitle "EXT 2015"]
[Source "ChessBase"]
[SourceDate "2014.11.20"]
[SourceVersion "1"]
[SourceVersionDate "2014.11.20"]
[SourceQuality "1"]

1. e4 e6 2. d4 d5 3. Nd2 Nf6 4. e5 Nfd7 5. Bd3 c5 6. c3 Nc6 7. Ne2 cxd4 8. cxd4 f6 9. Nf4 Nxd4 10. Qh5+ Ke7 11. Ng6+ hxg6 12. Qxh8 Nxe5 13. Bb1 b6 14. b3 Ba6 15. Ba3+ Kf7 16. Qxf8+ Qxf8 17. Bxf8 Rxf8 18. f4 Ng4 19. h3 Rc8 20. hxg4 Rc1+ 21. Kf2 Rxh1 22. Bxg6+ Kxg6 23. Rxh1 Ne2 24. g3 Nc3 25. Re1 Kf7 26. Rc1 d4 27. a4 e5 28. fxe5 fxe5 29. Re1 Ke6 30. Nf3 Be2 31. Rxe2 Nxe2 32. Kxe2 Kd5 33. Nh4 Ke4 34. Nf5 g6 35. Nd6+ Kd5 36. Nc8 Ke4 37. Nxa7 d3+ 38. Kd2 Kd4 39. Nc6+ Kd5 40. Nxe5 Kxe5 41. Kxd3 Kd5 42. b4 g5 43. a5 b5 44. Kc3 1-0

[Event "Catalunya-ch U16"]
[Site "Girona"]
[Date "2014.??.??"]
[Round "1.1"]
[White "Nunez Colome, David"]
[Black "Salagran Ferragut, Guillem"]
[Result "1-0"]
[WhiteElo "1909"]
[BlackElo "2158"]
[PlyCount "59"]
[EventDate "2014.01.25"]
[EventType "swiss"]
[EventRounds "6"]
[EventCountry "ESP"]
[SourceTitle "EXT 2024"]
[Source "ChessBase"]
[SourceDate "2023.10.10"]
[SourceVersion "1"]
[SourceVersionDate "2023.10.10"]
[SourceQuality "1"]

1. e4 c5 2. Nf3 Nc6 3. d4 cxd4 4. Nxd4 e5 5. Nxc6 bxc6 6. Nc3 Nf6 7. Bg5 Be7 8. Bc4 Qb6 9. Bb3 0-0 10. Qd2 Ba6 11. 0-0-0 Rad8 12. h4 d6 13. g4 Bc8 14. Bxf6 Bxf6 15. g5 Be7 16. Rdg1 Be6 17. h5 Bxb3 18. axb3 Kh8 19. Kb1 a6 20. f3 Qa7 21. Qg2 Rd7 22. Rh2 Bd8 23. g6 h6 24. gxf7 Rdxf7 25. Rf1 Bg5 26. Qe2 a5 27. Rh3 Qd7 28. Qg2 Qe6 29. Ne2 d5 30. Ng3 1-0

[Event "Santa Eugenia op 8th"]
[Site "Girona"]
[Date "2013.08.??"]
[Round "4.6"]
[White "Cortada Llach, Andreu"]
[Black "Nunez Colome, David"]
[Result "0-1"]
[WhiteElo "1724"]
[BlackElo "1516"]
[PlyCount "140"]
[EventDate "2013.08.19"]
[EventType "swiss"]
[EventRounds "9"]
[EventCountry "ESP"]
[SourceTitle "EXT 2024"]
[Source "ChessBase"]
[SourceDate "2023.10.10"]
[SourceVersion "1"]
[SourceVersionDate "2023.10.10"]
[SourceQuality "1"]

1. d4 d5 2. Nf3 Nf6 3. Bf4 e6 4. e3 Be7 5. h3 0-0 6. Nbd2 c6 7. Bd3 h6 8. Ne5 Nbd7 9. Qf3 Nxe5 10. dxe5 Nd7 11. Qh5 Bg5 12. Nf3 Bxf4 13. exf4 Nc5 14. Be2 Qa5+ 15. c3 Qb6 16. Rb1 Ne4 17. Qh4 Nxc3 18. Bd3 Nxb1 19. Bxb1 Qb4+ 20. Nd2 Re8 21. Qg3 Qe7 22. Qd3 f5 23. exf6 Qxf6 24. 0-0 e5 25. fxe5 Rxe5 26. Nf3 Re8 27. Qh7+ Kf7 28. Nh4 Qxh4 29. Bg6+ Ke7 30. Re1+ Be6 31. Qxg7+ Kd6 32. Qe5+ Kd7 33. Bxe8+ Rxe8 34. Qc3 Qg5 35. Qa3 Qd2 36. Re3 a6 37. Qb3 Kc7 38. Qa3 Bd7 39. Rf3 Qe1+ 40. Kh2 Qe5+ 41. Kh1 Qe6 42. Qa5+ Kb8 43. Qc3 Qe5 44. Qc2 Qe4 45. Qb3 Qe1+ 46. Kh2 Qe5+ 47. Kh1 Qc7 48. Qb4 Qe5 49. Qb3 Qd6 50. Qc3 Qe5 51. Qb3 Bf5 52. Re3 Qh8 53. Rf3 Be4 54. Rf7 b5 55. Qg3+ Re5 56. Qf4 Bxg2+ 57. Kh2 Be4 58. Rf8+ Qxf8 59. Qxf8+ Kc7 60. Qg7+ Kd6 61. Qxh6+ Re6 62. Qf4+ Ke7 63. h4 Rg6 64. f3 Bb1 65. a3 Rg7 66. h5 Rh7 67. h6 c5 68. Qg4 Kd6 69. f4 Rxh6+ 70. Kg3 Rg6 0-1

[Event "Santa Eugenia op 8th"]
[Site "Girona"]
[Date "2013.08.??"]
[Round "3.12"]
[White "Delclos de Semis, Santiago"]
[Black "Nunez Colome, David"]
[Result "0-1"]
[WhiteElo "1390"]
[BlackElo "1516"]
[PlyCount "84"]
[EventDate "2013.08.19"]
[EventType "swiss"]
[EventRounds "9"]
[EventCountry "ESP"]
[SourceTitle "EXT 2024"]
[Source "ChessBase"]
[SourceDate "2023.10.10"]
[SourceVersion "1"]
[SourceVersionDate "2023.10.10"]
[SourceQuality "1"]

1. d4 d5 2. c4 e6 3. Nf3 Nf6 4. Nc3 Be7 5. Bg5 h6 6. Bh4 0-0 7. e3 b6 8. Rc1 Bb7 9. Bd3 Nbd7 10. 0-0 c5 11. cxd5 exd5 12. Re1 Rc8 13. a3 Ne4 14. Bxe7 Qxe7 15. Bc2 Ndf6 16. Ne5 Nxc3 17. bxc3 cxd4 18. cxd4 Qxa3 19. Ra1 Qb2 20. Re2 Qc3 21. Rc1 Qb4 22. Rb1 Qe7 23. Qd3 g6 24. f3 Nd7 25. Ng4 h5 26. Nf2 Nf6 27. Qd1 Rfe8 28. Bd3 Rc7 29. Bb5 Bc6 30. Bd3 Bb7 31. Kh1 Rec8 32. Rc2 Rxc2 33. Bxc2 Qxe3 34. Nd3 Qxd4 35. Qd2 Qc3 36. Qf4 Qxc2 37. Rc1 Qxd3 38. Rxc8+ Bxc8 39. Qc1 Ba6 40. Kg1 Qd4+ 41. Kh1 Qc4 42. Qg1 Qf1 0-1